Cien años de soledad / (Registro nro. 10461)

Detalles MARC
000 -LIDER
fixed length control field 01513nam a22003017a 4500
001 - NÚMERO DE CONTROL
Identificador de número de control 00118
003 - IDENTIFICACDOR DE NÚMERO DE CONTROL
control field DO-SdBNP
005 - DATE AND TIME OF LATEST TRANSACTION
control field 20231027121207.0
007 - CAMPOS FIJOS DE DESCRIPCIÓN FÍSICA
fixed length control field 00118
008 - ELEMENTOS DE LONGITUD FIJA
fixed length control field 160321b 2007 ag ||||| |||| 00| 0 spa d
020 ## - ISBN
International Standard Book Number 9788420471839
040 ## - FUENTE DE CATALOGACIÓN
Agencia que crea de manera original el registro BPMSU
Idioma de catalogación spa
Agencia que realiza la transcripción BPMSU
082 #4 - NÚMERO DE CLASIFICACIÓN DECIMAL DE DEWEY
Classification number Co863.44
Item number G216c, 2007
100 1# - ASIENTO PRINCIPAL -- NOMBRE PERSONAL
Nombre personal García Márquez, Gabriel,
Fechas asociadas con el nombre 1927-2014
245 10 - MENCIÓN DE TITULO
Título Cien años de soledad /
Mención de responsabilidad Gabriel García Márquez
250 ## - MENCIÓN DE EDICION
Mención de edición edición conmemorativa
260 ## - PUBLICACIÓN, DISTRIBUCIÓN, ETC. (PIE DE IMPRENTA)
Lugar de publicación, distribución, etc Buenos Aires :
Nombre del editor, distribuidor, etc. Real Academia Española ; Asociación de Academias de la Lengua Española : Alfaguara,
Fecha de publicación, distribución, etc 2007
300 ## - DESCRIPCIÓN FÍSICA
Extensión cxxxviii, 609 p. :
Otros detalles físicos il. ;
Dimensiones 21 cm.
500 ## - NOTA GENERAL
Nota general Glosario : p. 551-596.
500 ## - NOTA GENERAL
Nota general Texto revisado por el autor para esta edición - Portada.
504 ## - NOTA DE BIBLIOGRAFÍA, ETC.
Bibliography, etc Incluye bibliografía.
505 ## - NOTA DE CONTENIDO
Texto normalizado de contenido Lo que sé de Gabriel / Alvaro Mutis ; Para darle nombra a América / Carlos Fuentes ; Cien años de soledad. Realidad total, novela total / Mario Vargas Llosa ; Gabriel García Márquez, en busca de la verdad poética / Víctor García de la Concha ; Algunas literariedades de Cien años de soledad / Claudio Guillén ; García Márquez y Cien años de soledad en la novela hispanoamericana / Pedro Luis Barcia, Juan Gustavo Cobo Borda, Gonzalo Celorio, Sergio Ramírez. --Bibliografía utilizada --Glosario--Nombres.
650 ## - ENCABEZAMIENTO DE MATERIA--TEMÁTICO
Término temático o nombre geográfico como elemento de entrada NOVELA COLOMBIANA
650 ## - ENCABEZAMIENTO DE MATERIA--TEMÁTICO
Término temático o nombre geográfico como elemento de entrada LITERATURA COLOMBIANA
942 ## - ADDED ENTRY ELEMENTS (KOHA)
Source of classification or shelving scheme Dewey Decimal Classification
Koha item type Libros
945 ## - INFORMACIÓN DE PROCESAMIENTO LOCAL
Información de procesamiento local Inventariado, 2017/MFF
956 ## - LOCAL ELECTRONIC LOCATION AND ACCESS (OCLC)
Nombre de host VMATEO
Método de acceso
Número de acceso 10
Información de compresión 20160621
Trayectoria BPMSU
Nombre Electrónico 0069
Existencias
Withdrawn status Lost status Source of classification or shelving scheme Damaged status Not for loan Collection code Home library Current library Date acquired Source of acquisition Total Checkouts Full call number Barcode Date last seen Price effective from Koha item type Copy number
    Dewey Decimal Classification     Colección General Biblioteca Pública Metropolitana Salomé Ureña Biblioteca Pública Metropolitana Salomé Ureña 06/21/2016 Donativo   Co863.44 G216c, 2007 BPMSU16060275 06/21/2016 06/21/2016 Libros  
    Dewey Decimal Classification     Colección General Biblioteca Pública Metropolitana Salomé Ureña Biblioteca Pública Metropolitana Salomé Ureña 06/21/2016 Donativo   Co863.44 G216c, 2007 BPMSU16060276 06/21/2016 06/21/2016 Libros e.2
    Dewey Decimal Classification     Colección General Biblioteca Pública Metropolitana Salomé Ureña Biblioteca Pública Metropolitana Salomé Ureña 06/21/2016 Compra   Co863.44 G216c, 2007 BPMSU16060277 06/21/2016 06/21/2016 Libros e.3